Trh práce EÚ a obnovená Lisabonská stratégia diplomová práca

Enregistré dans:
Détails bibliographiques
Auteur principal: Smolková, Miroslava
Collectivité auteur: Národohospodárska fakulta EU. Katedra hospodárskej politiky
Autres auteurs: Fifeková, Elena
Format: Livre
Langue:slovaque
Publié: Bratislava 2009
Tags: Ajouter un tag
Pas de tags, Soyez le premier à ajouter un tag!

MARC

LEADER 00000nam$a2200000$$$4500
001 0095821
005 20240319123912.9
041 0 |a slo 
044 |a SK 
245 1 0 |a Trh práce EÚ a obnovená Lisabonská stratégia  |b diplomová práca  |c Miroslava Smolková ; škol. Elena Fifeková 
264 1 |a Bratislava  |c 2009 
300 |a 74 s. 
100 1 |a Smolková, Miroslava 
700 1 |a Fifeková, Elena 
710 2 |a Národohospodárska fakulta EU. Katedra hospodárskej politiky